LEADER 00983cam0 2200313 450 001 000007485 005 20080122113007.0 010 $a88-348-6536-7 010 $a978-88-348-6536-1 100 $a20070209d2006----km-y1itay50------ba 101 0 $aita 102 $aIT 105 $ay-------001yy 200 1 $a<>diritto marittimo$eattraverso i casi e le clausole contrattuali$fSergio M. Carbone, Pierangelo Celle, Marco Lopez De Gonzalo 205 $a3. ed 210 $aTorino$cGiappichelli$d2006 215 $aXVI, 442 p.$d24 cm 410 0$12001 610 1 $aDiritto marittimo 676 $a343.45096$v20 700 1$aCarbone,$bSergio M.$0437591 701 1$aCelle,$bPierangelo$0256924 701 1$aLopez de Gonzalo,$bMarco$0240041 801 0$aIT$bUNIPARTHENOPE$c20070209$gRICA$2UNIMARC 912 $a000007485 951 $a343-D/38$b39020$cNAVA1$d2007 951 $aGN-0003$b40154$cNAVA3$d20080122 996 $aDiritto marittimo$91205641 997 $aUNIPARTHENOPE LEADER 01349nam0 22002773i 450 001 VAN0094793 005 20230110110729.219 100 $a20130828d1961 |0itac50 ba 101 $aeng 102 $aGB 105 $a|||| ||||| 200 1 $aIsolation of pyrrole-2,3,4-tricarboxylic acid and pyrrole-2,3,4,5-tetracarboxylic acid from sepiomelanin oxidation products$fM. Piattelli, E. Fattorusso and S. Magno 210 $aOxford$cPergamon$d1961 215 $a718-719 p.$d25 cm 300 $aEstratto da Tetrahedron Letters, n. 20, 1961 620 $aGB$dOxford$3VANL000020 700 1$aPiattelli$bMario$3VANV075763$0722641 701 1$aFattorusso$bErnesto$3VANV012227$0100689 701 1$aMagno$bSilvana$3VANV075764$0722640 712 $aPergamon $3VANV108077$4650 801 $aIT$bSOL$c20230616$gRICA 899 $aBIBLIOTECA DEL DIPARTIMENTO DI SCIENZE E TECNOLOGIE AMBIENTALI BIOLOGICHE E FARMACEUTICHE$1IT-CE0101$2VAN17 912 $aVAN0094793 950 $aBIBLIOTECA DEL DIPARTIMENTO DI SCIENZE E TECNOLOGIE AMBIENTALI BIOLOGICHE E FARMACEUTICHE$d17CONS Fondo E. Fattorusso V $e17OmF133 22-4 20150130 $sBuono 996 $aIsolation of pyrrole-2,3,4-tricarboxylic acid and pyrrole-2,3,4,5-tetracarboxylic acid from sepiomelanin oxidation products$91408626 997 $aUNICAMPANIA